<?xml version="1.0" encoding="UTF-8"?>
<collection xmlns="http://www.loc.gov/MARC21/slim">
 <record>
  <leader>01568nam a2200217Ia 4500</leader>
  <controlfield tag="001">TDMU_18325</controlfield>
  <controlfield tag="008">210410s9999    xx            000 0 und d</controlfield>
  <datafield tag="082" ind1=" " ind2=" ">
   <subfield code="a">693.71</subfield>
  </datafield>
  <datafield tag="090" ind1=" " ind2=" ">
   <subfield code="b">PH104</subfield>
  </datafield>
  <datafield tag="100" ind1=" " ind2=" ">
   <subfield code="a">Phạm, Văn Hội</subfield>
  </datafield>
  <datafield tag="245" ind1=" " ind2="0">
   <subfield code="a">Kết cấu thép cấu kiện cơ bản</subfield>
  </datafield>
  <datafield tag="245" ind1=" " ind2="0">
   <subfield code="c">GS. TS. Phạm Văn Hội (Chủ biên), PGS. TS. Nguyễn Quang Viên, ThS. Phạm Văn Tư, KS. Lưu Văn Tường</subfield>
  </datafield>
  <datafield tag="260" ind1=" " ind2=" ">
   <subfield code="a">H.</subfield>
  </datafield>
  <datafield tag="260" ind1=" " ind2=" ">
   <subfield code="b">Khoa học và kỹ thuật</subfield>
  </datafield>
  <datafield tag="260" ind1=" " ind2=" ">
   <subfield code="c">2012</subfield>
  </datafield>
  <datafield tag="300" ind1=" " ind2=" ">
   <subfield code="a">318tr.</subfield>
  </datafield>
  <datafield tag="520" ind1=" " ind2=" ">
   <subfield code="a">Là tập một trong bộ giáo trình chính về Kết cấu thép do Bộ môn Công trình Thép - Gỗ Đại học Xây dựng biên soạn; Trình bày các kiến thức cơ bản nhất về kết cấu thép để thiết kế các cấu cấu kiện chính bằng thép như: dầm, cột, giàn; sử dụng vật liệu thép và cách cấu tạo, tính toán các loại liên kết trong kết cấu thép; đồng thời bổ sung các tiêu chuẩn thiết kế kết cấu thép mới ban hành ''TCXDVN 338:2005 - Kết cấu thép tiêu chuẩn thiết kế''.; XD304 Kết cấu thép cơ bản</subfield>
  </datafield>
  <datafield tag="650" ind1=" " ind2=" ">
   <subfield code="a">Kết cấu thép</subfield>
   <subfield code="x">Cấu kiện cơ bản; TCXDVN 338:2005</subfield>
  </datafield>
  <datafield tag="700" ind1=" " ind2=" ">
   <subfield code="a">Nguyễn, Quang Viên</subfield>
  </datafield>
  <datafield tag="856" ind1=" " ind2=" ">
   <subfield code="u">http://lrc.tdmu.edu.vn/opac/search/detail.asp?aID=2&amp;ID=18325</subfield>
  </datafield>
  <datafield tag="980" ind1=" " ind2=" ">
   <subfield code="a">Trung tâm Học liệu Trường Đại học Thủ Dầu Một</subfield>
  </datafield>
 </record>
</collection>
